000 01082nam a22002537a 4500
001 83140)
003 BD-RjUL
005 20240222192748.0
008 240222s2018 bg a|||| m||| 00| 0 eng d
035 _a(BD-RjUL)83140)
040 _aBD-RjUL
_beng
_cBD-RjUL
_dBD-RjUL
041 _aeng
082 _223
_a514.223
_bZAB 2018
100 _aZakir, Hossain Mohammad
_911880
245 1 0 _aBioliogical activities of benzoin thiosemicarbazone and its complexes /
_cSubmitted By Hossain, Mohammad Zakir
_6Principal Supervisor : Mele, Jesmin, Co-Supervisor : Shaikh, M. Mohsin Ali
260 _aRajshahi :
_bDepartment of Applied Chemistry and Chemical Engineering, University of Rajshahi,
_c2018
300 _av, 175 leaves :
_bill, ;
_c30.cm.
502 _aThesis (Ph. D.) -- Department of Applied Chemistry and Chemical Engineering, University of Rajshahi, 2018
504 _aReferences : Leaves 174 - 175
650 _aComplexes
_vTopology
_95320
700 _aJesmin, Mele, Principal Supervisor
_911881
700 _aAli, Shaikh, M. Mohsin, Co-Supervisor
_911882
942 _2ddc
_cTHE
999 _c83140
_d83140